Zákon o dani z nehnuteľností

Úplné znenie zákona SNR č. 317/1992 Zb. o dani z nehnuteľností v znení neskorších zákonov a zákona č. 329/1997 Z.z. s komentárom. Komentovaný prehľad zákonov, ktorými sa do roku 1998 novelizovali ustanovenia zákona SNR č. 317/1992 Zb. o dani z nehnuteľností.

Guardado en:
Detalles Bibliográficos
Autor principal: Bubeníková, Irena
Formato: Capítulo de libro
Lenguaje:eslovaco
Materias:
Etiquetas: Agregar Etiqueta
Sin Etiquetas, Sea el primero en etiquetar este registro!

MARC

LEADER 00000naa a2200000 4500
001 r030668
005 20230919081057.1
041 0 |a slo 
044 |a SK 
245 1 0 |a Zákon o dani z nehnuteľností  |c Irena Bubeníková 
520 |a Úplné znenie zákona SNR č. 317/1992 Zb. o dani z nehnuteľností v znení neskorších zákonov a zákona č. 329/1997 Z.z. s komentárom. Komentovaný prehľad zákonov, ktorými sa do roku 1998 novelizovali ustanovenia zákona SNR č. 317/1992 Zb. o dani z nehnuteľností. 
610 2 0 |a zákony 
610 2 0 |a dane z nehnuteľností 
610 2 0 |a Slovensko 
610 2 0 |a 1992-1997 
610 2 0 |a komentáre 
610 2 0 |a novelizácia 
100 1 |a Bubeníková, Irena